| 000 | 01421nam0a2200361 4500 | ||
|---|---|---|---|
| 001 | RU\NLR\BIBL_A\011671290 | ||
| 005 | 20180416164050.0 | ||
| 010 |
_a978-5-699-96111-5 _95000 |
||
| 021 |
_aRU _bКН-П-18-015996 _9КН-П-18-1152 |
||
| 035 | _a(NLR Aleph) 011671290 | ||
| 035 | _a(RuMoRGB)009563029 | ||
| 090 |
_a11237721 _c11237721 |
||
| 100 | _a20180405d2018 c y0rusy50 ca | ||
| 101 | 1 |
_arus _cfre |
|
| 102 | _aRU | ||
| 105 | _aa z 000zy | ||
| 200 | 1 |
_aЗанимательная инфографика _eистория, астрономия, география, зоология, анатомия _e[для детей младшего школьного возраста _fперевод с французского Б. С. Гахаева] |
|
| 210 |
_aМосква _c#Эксмодетство _cЭксмо _d2018 |
||
| 215 |
_a78, [1] с. _cцв. ил. _d25х28 |
||
| 225 | 1 | _aДружим с детства! | |
| 225 | 1 | _aСерия "Фактографика" | |
| 333 | _a6+ | ||
| 608 |
_aЭнциклопедии для детей _2nlr_sh1 _2nlr_sh2 _3RU\NLR\AUTH\661410942 |
||
| 686 |
_aШ9:Щ15(2) _2rubbk |
||
| 686 |
_aШ9:Я20(2) _2rubbk |
||
| 686 | 3 |
_aШ9 _bЯ20 |
|
| 702 | 1 |
_aГахаев _bБ. С. _gБадма Санджиевич _4730 |
|
| 942 | _cBOOK | ||
| 980 | _aNBR | ||
| 980 | _aNB | ||